Código de Minería. Concordancias e índice de materias.

Saved in:
Bibliografiske detaljer
Institution som forfatter: Chile
Andre forfattere: Baltra Vergara, María Luisa
Format: Bog
Sprog:spansk
Udgivet: Santiago, Chile: Legal Publishing, Thomson Reuters, 2013
Udgivelse:Decimotercera Edición.
Serier:Colección de Códigos 2013.
Fag:
Tags: Tilføj Tag
Ingen Tags, Vær først til at tagge denne postø!

MARC

LEADER 00000cam a2200000 a 4500
001 UCF7040
003 CL-VaPUC
005 20241205162019.0
008 130606e20130000CL |||||||||||||||||spa|d
999 |c 352000  |d 351998 
020 |a 9789563462869 
040 |c Pontificia Universidad Católica de Valparaíso 
082 0 4 |a 343.83077 CHI 2013  |2 21 
110 1 |a Chile  |9 890760 
245 1 0 |a Código de Minería.  |b Concordancias e índice de materias. 
250 |a Decimotercera Edición.  |b Actualizada al 4 de enero de 2013. 
260 |a Santiago, Chile:  |b Legal Publishing,   |b Thomson Reuters,   |c 2013 
300 |a 335 páginas  
490 0 |a Colección de Códigos 2013. 
505 |a -Ley N.º 18.248. Fija texto del Código de Minería. -Título I. Del dominio del Estado y de los derechos mineros. -Título II. De la capacidad para adquirir derechos mineros. -Título III. Del objeto y forma de las concesiones mineras. -Título IV. De las demasías. -Título V. Del procedimiento de constitución de las concesiones mineras. -Título VI. De los efectos de la sentencia constitutiva de la concesión. -Título VII. Del Conservador de Minas. -Título VIII. De los derechos y obligaciones de los concesionarios mineros. -Título IX. De la exploración y de la explotación mineras. -Título X. Del amparo, extinción y caducidad de las concesiones mineras. -Título XI. De los contratos y cuasicontratos. -Título XII. De la reivindicación de los minerales. -Título XIII. De los derechos de los acreedores. -Título XIV. De la competencia en general y el procedimiento. -Título XV. Disposiciones generales. Apéndice: -Constitución Política de la República de Chile (Capítulo III. De los Derechos y Deberes Constitucionales. Artículo 19. Inciso 24°). -Ley N.º 18.097. Ley Orgánica Constitucional sobre Concesiones Mineras (D.O. de 21 de enero de 1982). -Decreto N.º 1. Reglamento del Código de Minería. (D.O. de 27 de febrero de 1987). -Decreto Ley N.º 3.525. Crea el Servicio Nacional de Geología y Minería. (D.O. de 02 de diciembre de 1980). -Decreto Supremo N.º 141. Reglamento del Artículo 7° Transitorio del Código de Minería. -Decreto Supremo N.º 39. Establece Procedimiento para Aplicación del Artículo 6° Transitorio del Código de Minería. (D.O. de 07 de diciembre de 1985). -Decreto Supremo N.º 132. Aprueba Reglamento de Seguridad Minera. (D.O. de 07 de febrero de 2004). -Ley N.º 12.680. Fija Normas para la Venta e Inscripción de Acciones Mineras en los casos que señala (D.O. de 13 de noviembre de 1957). -Ley N.º 20.551. Regula el Cierre de Faenas e Instalaciones Mineras (D.O. de 22 de noviembre de 2011). -Decreto N.º 41. Reglamento de la Ley de cierre de faenas e instalaciones mineras (D.O. de 22 de noviembre de 2012). 
583 |a last modification  |c 20130606 11:56:00  |k Rodrigo Vera 
650 1 |a Código de minería   |z Chile  |9 880584 
650 1 |a Derecho minero chileno  |9 257767 
650 1 |a Concesiones mineras  |9 256334 
700 |a Baltra Vergara, María Luisa  |9 814195 
942 |c BK  |2 ddc 
945 |d 20130606 00:00:00  |a dcastane 
952 |0 0  |1 0  |2 ddc  |4 0  |6 343_830770000000000_CHI_2013  |7 0  |8 R  |9 456479  |a BIBDER  |b BIBDER  |d 2019-11-22  |i 4970683  |l 1  |o 343.83077 CHI 2013  |p 4970683  |r 2023-01-25  |s 2022-04-08  |w 2019-11-22  |y BK_R  |k DER